| 000 | 01152cam a2200325 i 4500 | ||
|---|---|---|---|
| 001 | 768714001 | ||
| 003 | CO-MdFUSBC | ||
| 005 | 20240622072140.0 | ||
| 007 | ta | ||
| 008 | 190605t2001 enk |||| |||| 00| 0 eng d | ||
| 020 | _a1903816076 | ||
| 040 |
_bspa. _aCO-MdFUSB _cCO-MdFUSB _dCO-MdFUSBC _erda |
||
| 041 | _aeng | ||
| 082 | 0 | 4 |
_223 _a234.23 _bH939 |
| 100 |
_aHunt, John, _eautor |
||
| 245 | 1 | 0 |
_aDaddy, do you believe in God? : _bthe story of how we lost our faith, and how we might find it again. _c/ John Hunt |
| 264 | 1 |
_aGuernsey, Channel Islands : _bOrbis Books, _c[2001] |
|
| 264 | 4 | _c© 2001 | |
| 300 |
_a364 páginas _c; 24 cm |
||
| 336 |
_atexto _btxt _2rdacontent |
||
| 337 |
_2rdamedia _asin mediación _bn |
||
| 338 |
_2rdacarrier _avolumen _bnc |
||
| 505 | _aDefiniendo a Dios. -- Siguiendo a Dios. -- Demostrando a Dios. -- La historia de Dios. -- Dios y Jesús. -- Dar forma al Dios cristiano. -- creyendo en Dios hoy. -- Línea de tiempo. -- Lista de lectura corta. | ||
| 563 | _aRústico | ||
| 650 | 7 |
_9531 _aFe |
|
| 650 | 0 |
_919 _aVida cristiana |
|
| 942 | _cBK | ||
| 945 |
_aJTF-925 _bAEM-53 |
||
| 999 |
_c45140 _d45140 |
||